000 00293nam a22001217a 4500
008 170630b xxu||||| |||| 00| 0 eng d
041 _aeng
080 _24 ED
_a82
100 _a22
101 _aGJL
245 _aTHE NORTON ANTHOLOGY OF ENGLISH LITERATURE
_cABRAMS.M.H
942 _2udc
_cBK
999 _c19737
_d19737